000 00485nam a2200133Ia 4500
008 100328s9999 xx 000 0 und d
082 _b9567
100 _aटिळक इन्दु आणि दामले शालिनी
245 _aजपानी पुष्प रचना
260 _bकेसरी मुद्रणालय
630 _aजपानी पुष्प रचना
730 _aजपानी पुष्प रचना
942 _cBOOK
999 _c505216
_d505213